| 000 | 00694nam0a22002291 4500 | ||
|---|---|---|---|
| 001 | RU\NLR\A1SV\157059 | ||
| 005 | 20251203171251.9 | ||
| 035 | _a(NLR Aleph) 012553598 | ||
| 090 |
_a12438227 _c12438227 |
||
| 100 | _a20210623d1924 u y0rusy50 ca | ||
| 101 | 0 | _arus | |
| 102 | _aRU | ||
| 200 | 1 |
_aСлужебная книжка с расписанием движения поездов с 1-го июня 1924 года _fНКПС. Забайкал. ж. д. |
|
| 210 |
_aИркутск _cГублит _d1924 |
||
| 215 |
_a45 с. _cтабл. _d17 см |
||
| 620 | _dИркутск | ||
| 801 | 0 |
_aRU _bNLR _c20210623 |
|
| 899 | _aРГБ | ||
| 942 | _cBOOK | ||
| 980 | _aNB | ||
| 980 | _aA1SV | ||